| 000 | 00888nam a22003130a 4500 | ||
|---|---|---|---|
| 001 | PT57521 | ||
| 003 | AR-LpoUNG | ||
| 005 | 20210131231816.0 | ||
| 008 | 191001s2015||||ne |||||||||||||||||eng d | ||
| 020 |
_a9789027203748 _c$185 |
||
| 040 |
_aAR-LpoUNG _bspa _cAR-LpoUNG _eaacr |
||
| 041 | _aeng | ||
| 044 | _ane | ||
| 082 | 0 | _a410 828cor | |
| 100 | 1 |
_aCortes, Viviana _eed. |
|
| 245 | 1 | 0 |
_aCorpus-based research in applied linguistics : _bstudies in honor of Doug Biber |
| 250 | _a1ra. ed. | ||
| 260 |
_aAmsterdam : _bJohn Benjamins B. V., _c2015. |
||
| 300 |
_axix, 219 p. : _bgráfs., tbls. |
||
| 650 | 4 | _aENSEÑANZA DE IDIOMAS | |
| 650 | 4 | _aENSEÑANZA DE LA ESCRITURA | |
| 650 | 4 | _aESCRITURA | |
| 650 | 4 | _aLENGUA INGLESA | |
| 650 | 4 | _aLINGUISTICA | |
| 651 | 4 | _aDOCUMENTOS TEORICOS O METODOLOGICOS | |
| 700 | 1 |
_aCsomay, Eniko _eed. |
|
| 905 | _a57521 | ||
| 942 | _cLIB | ||
| 999 |
_c12083 _d12083 |
||